[Event "Anti Cheating Blitz Cup"]
[Site "Chess.com INT"]
[Date "2020.05.20"]
[Round "10"]
[White "Garcia Giler, Julio Enrique"]
[Black "Reinhard Pinto, Dietmar"]
[Result "1-0"]
[WhiteElo "1776"]
[BlackElo "1773"]
[PlyCount "101"]
[EventDate "2020.05.20"]
[EventType "swiss (blitz)"]
[EventRounds "11"]
[EventCountry "USA"]
[SourceTitle "CBM 196 Extra"]
[Source "ChessBase"]
[SourceDate "2020.07.31"]
[SourceVersion "1"]
[SourceVersionDate "2020.07.31"]
[SourceQuality "1"]

1. e4 Nf6 2. Nc3 d5 3. e5 d4 4. exf6 dxc3 5. fxg7 cxd2+ 6. Qxd2 Qxd2+ 7. Bxd2 Bxg7 8. c3 Nc6 9. Nf3 Bd7 10. 0-0-0 0-0-0 11. Be2 Ne5 12. Nxe5 Bxe5 13. g3 Ba4 14. b3 Bc6 15. Rhe1 Bf6 16. Kb2 Rd6 17. Bf4 Rxd1 18. Rxd1 Rd8 19. Rxd8+ Kxd8 20. Bd3 h5 21. h4 Bf3 22. Kc2 Kd7 23. Kd2 e5 24. Be3 e4 25. Bc4 Ke7 26. Bc5+ Kd7 27. Bxf7 b6 28. Bd4 Bxd4 29. cxd4 Kd6 30. Ke3 c5 31. dxc5+ bxc5 32. a3 a5 33. Kf4 Ke7 34. Bd5 Kf6 35. Bxe4 Bd1 36. Bd5 a4 37. bxa4 Bxa4 38. Bc4 Bc6 39. f3 Ba4 40. g4 hxg4 41. fxg4 Bc6 42. h5 Bd7 43. g5+ Kg7 44. Bd3 Be6 45. h6+ Kh8 46. Ke5 c4 47. Bc2 Bf7 48. Kf6 Bd5 49. g6 c3 50. g7+ Kg8 51. a4 1-0